000 00588nam a2200181 a 4500
001 000005389
005 20200929151649.0
008 090819s1983 sp 000 0 spa d
020 _a8400055446
040 _aDO-SdBNP
_bspa
_cBNPHU
082 _axxxx
_bC396e
245 0 0 _aCenso de escritores al servicio de los Austrias y otros estudios bibliográficos.
260 _aMadrid, :
_bInstituto Miguel de Cervantes,
_c1983.
300 _a187 p. ;
_c24 cm.
504 _aIncluye referencias bibliográficas y notas al pie de las páginas
504 _aIncluye bibliografías
049 _aBNPD
999 _c5189
_d5189